[Event "Medellin Easter op"]
[Site "Medellin"]
[Date "2010.04.02"]
[Round "4"]
[White "Chavarria, Luis Daniel"]
[Black "Marin, Denis"]
[Result "0-1"]
[WhiteElo "2275"]
[BlackElo "1919"]
[PlyCount "54"]
[EventDate "2010.03.31"]
[EventType "swiss"]
[EventRounds "9"]
[EventCountry "COL"]
[SourceTitle "CBM 135 Extra"]
[Source "ChessBase"]
[SourceDate "2010.05.04"]
[SourceVersion "1"]
[SourceVersionDate "2010.05.04"]
[SourceQuality "1"]

1. d4 d5 2. c4 c6 3. Nf3 Nf6 4. Nc3 e6 5. Bf4 dxc4 6. e3 b5 7. a4 Bb4 8. Be2 Bb7 9. 0-0 a6 10. Ne5 Nbd7 11. Bf3 Nxe5 12. Bxe5 Qb6 13. axb5 cxb5 14. Bxf6 gxf6 15. Bxb7 Qxb7 16. f4 Rg8 17. Qf3 Qxf3 18. Rxf3 Bxc3 19. bxc3 Ke7 20. Kf2 a5 21. e4 b4 22. Rb1 b3 23. Re3 a4 24. Re2 a3 25. d5 Rgb8 26. e5 a2 27. d6+ Kd7 0-1

[Event "Medellin Easter op"]
[Site "Medellin"]
[Date "2010.04.02"]
[Round "5"]
[White "Ossa Ramirez, Jesus Antonio"]
[Black "Chavarria, Luis Daniel"]
[Result "1-0"]
[WhiteElo "1855"]
[BlackElo "2275"]
[PlyCount "83"]
[EventDate "2010.03.31"]
[EventType "swiss"]
[EventRounds "9"]
[EventCountry "COL"]
[SourceTitle "CBM 135 Extra"]
[Source "ChessBase"]
[SourceDate "2010.05.04"]
[SourceVersion "1"]
[SourceVersionDate "2010.05.04"]
[SourceQuality "1"]

1. e4 c6 2. Bc4 d5 3. exd5 cxd5 4. Bb3 Nf6 5. d4 Nc6 6. Bg5 Ne4 7. Be3 Bf5 8. f3 Nf6 9. Nc3 e6 10. Nge2 Bd6 11. Qd2 0-0 12. g4 Bg6 13. 0-0-0 Na5 14. h4 Nxb3+ 15. axb3 h5 16. Bg5 Rc8 17. gxh5 Bxh5 18. Rh3 Rc6 19. Nf4 Bxf4 20. Qxf4 Qc7 21. Qxc7 Rxc7 22. Rg1 Nh7 23. Bh6 f5 24. Nb5 Rd7 25. Rhg3 Rff7 26. Bf4 a6 27. Nd6 Rfe7 28. Be5 g6 29. c4 dxc4 30. bxc4 Nf8 31. c5 Rh7 32. Ne8 Kf7 33. Nf6 Ke7 34. Nxh7 Nxh7 35. f4 Nf6 36. Rb3 Nd5 37. Kd2 Kd8 38. Rc1 Ne7 39. Bf6 Bf3 40. Bxe7+ Rxe7 41. Rxf3 Kc7 42. Rg1 1-0

[Event "Medellin Easter op"]
[Site "Medellin"]
[Date "2010.04.01"]
[Round "2"]
[White "Chavarria, Luis Daniel"]
[Black "Santamaria, Jhon Jairo"]
[Result "1-0"]
[WhiteElo "2275"]
[BlackElo "2171"]
[PlyCount "85"]
[EventDate "2010.03.31"]
[EventType "swiss"]
[EventRounds "9"]
[EventCountry "COL"]
[SourceTitle "CBM 135 Extra"]
[Source "ChessBase"]
[SourceDate "2010.05.04"]
[SourceVersion "1"]
[SourceVersionDate "2010.05.04"]
[SourceQuality "1"]

1. d4 Nf6 2. c4 e6 3. Nf3 b6 4. Bg5 Be7 5. Nc3 Bb7 6. Bxf6 Bxf6 7. e4 g6 8. e5 Bg7 9. Bd3 0-0 10. Qc2 Nc6 11. a3 Ne7 12. 0-0-0 d6 13. Be4 d5 14. cxd5 exd5 15. Bd3 Rc8 16. h4 c5 17. dxc5 Rxc5 18. h5 Qb8 19. hxg6 Nxg6 20. Bxg6 hxg6 21. e6 d4 22. exf7+ Rxf7 23. Qxg6 Qf4+ 24. Kb1 dxc3 25. Rd8+ Rf8 26. Qh7+ Kf7 27. Rd7+ Ke6 28. Qxg7 c2+ 29. Ka2 Bd5+ 30. Rxd5 Kxd5 31. Qd7+ Kc4 32. Nd2+ Qxd2 33. Qxd2 Kb5 34. Qd3+ Kc6 35. Qe4+ Kb5 36. a4+ Ka6 37. Qe2+ Ka5 38. Rc1 Rfc8 39. Ka3 Rc4 40. b3 b5 41. bxc4 Rxc4 42. Qxc4 bxc4 43. Rxc2 1-0